Music Quiz

Random Music or Lyrics Quiz

Figure Out The Lyrics: Made in the A.M. X Quiz Stats

 Plays Quiz not verified by Sporcle

Challenge
Share
Tweet
Embed
Score 0/274 Timer 10:00
0 Plays Today
% Correct
I
97.7%
I
97.7%
I
97.7%
I
97.7%
I
97.7%
I
97.7%
I
97.7%
I
97.7%
I
97.7%
I
97.7%
I
97.7%
I
97.7%
I
97.7%
I
97.7%
I
97.7%
I
97.7%
I
97.7%
I
97.7%
I
97.7%
I
97.7%
I
97.7%
I
97.7%
you
95.1%
you
95.1%
you
95.1%
you
95.1%
you
95.1%
you
95.1%
you
95.1%
you
95.1%
you
95.1%
you
95.1%
you
95.1%
you
95.1%
you
95.1%
you
95.1%
you
95.1%
you
95.1%
you
95.1%
you
95.1%
you
95.1%
you
95.1%
you
95.1%
you
95.1%
you
95.1%
you
95.1%
a
93.5%
a
93.5%
a
93.5%
a
93.5%
the
91%
the
91%
the
91%
the
91%
the
91%
the
91%
the
91%
the
91%
the
91%
the
91%
the
91%
the
91%
Do
86.6%
Do
86.6%
Do
86.6%
me?
86.6%
Do
86.6%
me?
86.6%
me
86.6%
do
86.6%
me
86.6%
do
86.6%
Do
86.6%
me?
86.6%
Do
86.6%
Do
86.6%
Do
86.6%
me?
86.6%
Do
86.6%
me?
86.6%
we
86.3%
we
86.3%
we
86.3%
to
85.9%
to
85.9%
to
85.9%
to
85.9%
to
85.9%
to
85.9%
know
83.3%
be
83.3%
be
83.3%
% Correct
be
83.3%
be
83.3%
be
83.3%
be
83.3%
be
83.3%
be
83.3%
be
83.3%
be
83.3%
be
83.3%
be
83.3%
be
83.3%
be
83.3%
Hey
81.5%
Hey
81.5%
Hey
81.5%
Hey
81.5%
Hey
81.5%
Hey
81.5%
Hey
81.5%
Hey
81.5%
Hey
81.5%
why
81.3%
and
81%
could
80.8%
like
80.8%
could
80.8%
like
80.8%
could
80.8%
like
80.8%
could
80.8%
like
80.8%
could
80.8%
like
80.8%
could
80.8%
like
80.8%
could
80.8%
like
80.8%
could
80.8%
could
80.8%
could
80.8%
could
80.8%
like
80.8%
could
80.8%
like
80.8%
could
80.8%
like
80.8%
could
80.8%
like
80.8%
angel
80.6%
angel
80.6%
angel
80.6%
angel
80.6%
angel
80.6%
angel
80.6%
angel
80.6%
angel
80.6%
angel
80.6%
Oh
80.1%
Oh
80.1%
Oh
80.1%
Oh
80.1%
Oh
80.1%
Oh
80.1%
Oh
80.1%
up
79.9%
up
79.9%
up
79.9%
look
79.6%
look
79.6%
look
79.6%
look
79.6%
sky?
79.4%
sky?
79.4%
sky?
79.4%
on
78.7%
when
77.8%
wish
77.8%
wish
77.8%
wish
77.8%
wish
77.8%
when
77.8%
wish
77.8%
wish
77.8%
wish
77.8%
wish
77.8%
in
77.8%
when
77.8%
in
77.8%
when
77.8%
wish
77.8%
wish
77.8%
wish
77.8%
% Correct
wish
77.8%
more
77.3%
more
77.3%
more
77.3%
more
77.3%
more
77.3%
more
77.3%
more
77.3%
more,
77.3%
more,
77.3%
more
77.3%
your
77.3%
your
77.3%
more
77.3%
more
77.3%
more
77.3%
more
77.3%
reasons
76.2%
us
75.2%
at
74.8%
at
74.8%
at
74.8%
at
74.8%
at
74.8%
hold
72.5%
of
72.5%
of
72.5%
of
72.5%
of
72.5%
of
72.5%
of
72.5%
ever
72.2%
ever
72.2%
It's
72%
it's
72%
It's
72%
it's
72%
my
71.8%
my
71.8%
my
71.8%
my
71.8%
my
71.8%
my
71.8%
past?
71.5%
Tell
70.8%
Tell
70.8%
see
70.6%
see
70.6%
laugh
70.1%
hear
69.9%
hear
69.9%
cry
68.3%
try
67.4%
back
66.9%
voice
66.9%
back
66.9%
voice
66.9%
our
66.7%
come
66.4%
Yeah
66.4%
come
66.4%
Yeah
66.4%
come
66.4%
side?
66%
other
65.7%
beautiful
65.3%
sound,
65.3%
beautiful
65.3%
beautiful
65.3%
sound,
65.3%
beautiful
65.3%
lives?
64.6%
noise
64.4%
noise
64.4%
away
63.9%
car,
63.4%
car,
63.4%
head
63.2%
head
63.2%
edge
63%
edge
63%
waste
62.3%
alive
61.6%
alive
61.6%
bar,
60.9%
bar,
60.9%
bed
60.6%
bed
60.6%
Backseat
59.5%
Backseat
59.5%

You're not logged in!

Compare scores with friends on all Sporcle quizzes.
Join for Free
OR
Log In

You Might Also Like...

Show Comments

Extras

Top Quizzes Today


Score Distribution

Your Account Isn't Verified!

In order to create a playlist on Sporcle, you need to verify the email address you used during registration. Go to your Sporcle Settings to finish the process.

Report this User

Report this user for behavior that violates our Community Guidelines.

Details: